[Event "TUR-chT 2nd League"]
[Site "Denizli"]
[Date "2023.07.15"]
[Round "9.46"]
[White "Kocakaplan, Emre"]
[Black "Cankurt, Arda"]
[Result "0-1"]
[WhiteElo "1829"]
[BlackElo "1658"]
[PlyCount "154"]
[EventDate "2023.07.09"]
[EventType "team-swiss"]
[EventRounds "9"]
[EventCountry "TUR"]
[SourceTitle "CBM 215 Extra"]
[Source "ChessBase"]
[SourceDate "2023.09.30"]
[SourceVersion "1"]
[SourceVersionDate "2023.09.30"]
[SourceQuality "1"]
[WhiteTeam "Sakarya Satranc"]
[BlackTeam "Nida"]
[WhiteTeamCountry "TUR"]
[BlackTeamCountry "TUR"]

1. d4 d5 2. Nf3 Nf6 3. c4 e6 4. g3 Be7 5. Bg2 0-0 6. 0-0 Nbd7 7. Qc2 dxc4 8. Qxc4 c5 9. Rd1 cxd4 10. Nxd4 Qb6 11. Nc3 Rd8 12. Nb3 Ne5 13. Rxd8+ Qxd8 14. Qb5 Ned7 15. Bd2 a6 16. Qd3 Rb8 17. Rd1 Qf8 18. Be3 Ng4 19. h3 Nge5 20. Qd4 Nc6 21. Qd2 Nde5 22. Bf4 Nc4 23. Qc2 e5 24. Bc1 Be6 25. Nd5 Nd6 26. Nxe7+ Qxe7 27. Qc5 Nf5 28. Bxc6 Bxb3 29. Qa7 Bxd1 30. Qxb8+ Qf8 31. Qxb7 Bxe2 32. Bd2 Qd8 33. Bd5 Nd6 34. Qc6 Bb5 35. Qc5 h6 36. Bb4 Nf5 37. b3 Nd4 38. a4 Be2 39. Kg2 Qf6 40. Qc8+ Kh7 41. Qb7 h5 42. Be4+ g6 43. Be7 Qe6 44. Bd5 Qf5 45. Bc5 Kg7 46. Qa8 Ne6 47. Bxe6 Qxe6 48. Qe4 Bd1 49. f4 Bxb3 50. Qxe5+ Qxe5 51. fxe5 Bxa4 52. h4 g5 53. hxg5 Kg6 54. Be7 Kf5 55. Bf6 Bb3 56. Kf3 a5 57. Ke3 a4 58. Be7 Kxe5 59. Bf6+ Kf5 60. Be7 Kg4 61. Kf2 Bd5 62. Bf6 a3 63. Be7 a2 64. Bf6 Bc6 65. Bb2 Kxg5 66. Ke3 Kg4 67. Be5 f5 68. Kf2 Bb5 69. Kg2 Bc6+ 70. Kf2 Bd5 71. Bf6 f4 72. gxf4 Kxf4 73. Ke2 h4 74. Kf2 h3 75. Kg1 Ke3 76. Kh2 Be6 77. Be5 Kd3 0-1

[Event "TUR-ch U07/12"]
[Site "Antalya"]
[Date "2023.01.27"]
[Round "9"]
[White "Cankurt, Arda"]
[Black "Saskin, Ayaz"]
[Result "1-0"]
[WhiteElo "1755"]
[BlackElo "1368"]
[PlyCount "94"]
[EventDate "2023.01.17"]
[EventType "swiss"]
[EventRounds "10"]
[EventCountry "TUR"]
[SourceTitle "EXT 2024"]
[Source "ChessBase"]
[SourceDate "2023.10.10"]
[SourceVersion "1"]
[SourceVersionDate "2023.10.10"]
[SourceQuality "1"]

1. Nf3 Nf6 2. d4 e6 3. e3 d5 4. Bd3 c5 5. c4 Bd6 6. Nc3 0-0 7. 0-0 a6 8. b3 Nbd7 9. Bb2 b6 10. cxd5 exd5 11. dxc5 bxc5 12. Rc1 Nb6 13. h3 Bb7 14. Nh4 Rc8 15. Nf5 Be5 16. Qe2 Re8 17. Bxa6 Bxa6 18. Qxa6 g6 19. Nh6+ Kg7 20. Ng4 Nxg4 21. hxg4 Re6 22. Qd3 g5 23. Ba1 Rh6 24. Ne2 Qf6 25. Ng3 Kf8 26. Bxe5 Qxe5 27. f4 gxf4 28. exf4 Qd4+ 29. Qxd4 cxd4 30. Nf5 Rxc1 31. Rxc1 Re6 32. Nxd4 Re4 33. Nf5 Rxf4 34. Rc6 Rb4 35. a4 Ke8 36. a5 Na8 37. Rc8+ Kd7 38. Rxa8 Rxb3 39. Ra7+ Ke8 40. Nd6+ Kd8 41. Nxf7+ Kc8 42. a6 Rb6 43. Kf2 d4 44. Ke2 Rb2+ 45. Kd3 Rxg2 46. Nd6+ Kb8 47. Rb7+ Ka8 1-0

[Event "TUR-ch U07/12"]
[Site "Antalya"]
[Date "2023.01.26"]
[Round "8"]
[White "Cankurt, Arda"]
[Black "Isler, Omer Mete"]
[Result "1-0"]
[WhiteElo "1755"]
[BlackElo "1199"]
[PlyCount "57"]
[EventDate "2023.01.17"]
[EventType "swiss"]
[EventRounds "10"]
[EventCountry "TUR"]
[SourceTitle "EXT 2024"]
[Source "ChessBase"]
[SourceDate "2023.10.10"]
[SourceVersion "1"]
[SourceVersionDate "2023.10.10"]
[SourceQuality "1"]

1. Nf3 Nf6 2. b3 e6 3. Bb2 b6 4. e3 Bb7 5. d4 Be7 6. Bd3 0-0 7. 0-0 d6 8. Nbd2 c5 9. c4 Nbd7 10. Qe2 d5 11. cxd5 exd5 12. Rfd1 cxd4 13. Nxd4 Nc5 14. Nf5 Nxd3 15. Qxd3 Rc8 16. Nf3 Ne8 17. N3d4 Qd7 18. Nxe7+ Qxe7 19. Nf5 Qd8 20. Ba3 Nf6 21. Ne7+ Kh8 22. Nxc8 Qxc8 23. Rac1 Qd8 24. Bxf8 Qxf8 25. Rc7 Bc8 26. Rdc1 Be6 27. Rxa7 g6 28. Qd4 Kg7 29. Qxb6 1-0

[Event "TUR-ch U07/12"]
[Site "Antalya"]
[Date "2023.01.26"]
[Round "7"]
[White "San, Engin"]
[Black "Cankurt, Arda"]
[Result "0-1"]
[WhiteElo "1359"]
[BlackElo "1755"]
[PlyCount "64"]
[EventDate "2023.01.17"]
[EventType "swiss"]
[EventRounds "10"]
[EventCountry "TUR"]
[SourceTitle "EXT 2024"]
[Source "ChessBase"]
[SourceDate "2023.10.10"]
[SourceVersion "1"]
[SourceVersionDate "2023.10.10"]
[SourceQuality "1"]

1. e4 c5 2. c3 Qa5 3. g3 Nc6 4. Bg2 Nf6 5. Ne2 e6 6. 0-0 c4 7. d4 cxd3 8. Qxd3 Be7 9. Be3 0-0 10. Nd2 Qc7 11. f4 d6 12. Nb3 e5 13. f5 b6 14. Bf3 a5 15. a4 Ba6 16. Qd2 Bc4 17. Nbc1 d5 18. exd5 Rad8 19. Qc2 Bxd5 20. Bxd5 Nxd5 21. Bf2 Rfe8 22. Nd3 e4 23. Ndf4 e3 24. Be1 Nxf4 25. Nxf4 Nd4 26. Qg2 Nb3 27. Rb1 Bc5 28. Kh1 Qe5 29. g4 e2 30. Rf3 Rd1 31. Nd3 Rxb1 32. h4 Qe4 0-1

[Event "TUR-ch U07/12"]
[Site "Antalya"]
[Date "2023.01.23"]
[Round "3"]
[White "Salci, Aytug Celal"]
[Black "Cankurt, Arda"]
[Result "0-1"]
[WhiteElo "1253"]
[BlackElo "1755"]
[PlyCount "58"]
[EventDate "2023.01.17"]
[EventType "swiss"]
[EventRounds "10"]
[EventCountry "TUR"]
[SourceTitle "EXT 2024"]
[Source "ChessBase"]
[SourceDate "2023.10.10"]
[SourceVersion "1"]
[SourceVersionDate "2023.10.10"]
[SourceQuality "1"]

1. d4 Nf6 2. c4 e6 3. Nf3 b6 4. g3 Bb7 5. Bg2 d5 6. 0-0 Be7 7. Nc3 0-0 8. Bf4 dxc4 9. Qa4 Nbd7 10. Qxc4 c5 11. Rfd1 Rc8 12. Nb5 cxd4 13. Qxd4 Rc5 14. Nd6 Bxf3 15. Bxf3 e5 16. Qd2 Bxd6 17. Be3 Be7 18. Bxc5 Nxc5 19. Qe3 Qb8 20. b4 Ne6 21. a3 Rc8 22. Bd5 Nd4 23. Be4 Rc3 24. Bd3 a5 25. bxa5 bxa5 26. Kh1 g6 27. Rdc1 Ng4 28. Qd2 Rxc1+ 29. Rxc1 Nb3 0-1

[Event "EU-ch U12 30th"]
[Site "Antalya"]
[Date "2022.11.13"]
[Round "8"]
[White "Gordon, Frederick"]
[Black "Cankurt, Arda"]
[Result "1/2-1/2"]
[WhiteElo "2159"]
[BlackElo "1687"]
[PlyCount "82"]
[EventDate "2022.11.06"]
[EventType "swiss"]
[EventRounds "9"]
[EventCountry "TUR"]
[SourceTitle "CBM 211 Extra"]
[Source "ChessBase"]
[SourceDate "2023.01.31"]
[SourceVersion "1"]
[SourceVersionDate "2023.01.31"]
[SourceQuality "1"]

1. e4 c5 2. Nf3 a6 3. c3 Nf6 4. e5 Nd5 5. Bc4 e6 6. d4 cxd4 7. Bxd5 exd5 8. Qxd4 Qa5 9. b4 Qc7 10. 0-0 d6 11. Bf4 Nc6 12. Qxd5 dxe5 13. Nxe5 Be6 14. Nxc6 Bxd5 15. Bxc7 Bxc6 16. Nd2 Rc8 17. Rfe1+ Kd7 18. Bg3 Ba4 19. Re3 Be7 20. Nb3 Bxb3 21. axb3 Rhd8 22. Rae1 Bf6 23. Be5 Bxe5 24. Rxe5 Rxc3 25. Re7+ Kc6 26. b5+ axb5 27. Rxf7 Rd7 28. Rf3 Rxf3 29. gxf3 Kc5 30. Re4 Rd1+ 31. Kg2 Rb1 32. Re7 b6 33. Rxg7 Rxb3 34. f4 Rd3 35. Rc7+ Kd6 36. Rc8 Kd7 37. Rc2 b4 38. Rc4 b3 39. f5 Rd5 40. Rb4 b5 41. Rxb3 Rxf5 1/2-1/2

[Event "EU-ch U12 30th"]
[Site "Antalya"]
[Date "2022.11.12"]
[Round "7"]
[White "Cankurt, Arda"]
[Black "Gales, Randi Ioan"]
[Result "1-0"]
[WhiteElo "1687"]
[BlackElo "1901"]
[PlyCount "91"]
[EventDate "2022.11.06"]
[EventType "swiss"]
[EventRounds "9"]
[EventCountry "TUR"]
[SourceTitle "EXT 2024"]
[Source "ChessBase"]
[SourceDate "2023.10.10"]
[SourceVersion "1"]
[SourceVersionDate "2023.10.10"]
[SourceQuality "1"]

1. d4 Nf6 2. c4 g6 3. Nc3 Bg7 4. e4 d6 5. f4 0-0 6. Nf3 c5 7. d5 e6 8. Be2 exd5 9. cxd5 b5 10. e5 dxe5 11. fxe5 Ng4 12. Bg5 Qa5 13. 0-0 Nxe5 14. Nxe5 Bxe5 15. d6 Nd7 16. Be7 Bd4+ 17. Kh1 Re8 18. Nd5 Bb7 19. Nc7 Rxe7 20. Nxa8 Re6 21. Nc7 Rxd6 22. Nxb5 Re6 23. Nxd4 cxd4 24. Bc4 Qg5 25. Rf2 Qh4 26. Qf1 Rf6 27. Rxf6 Nxf6 28. Re1 d3 29. b3 d2 30. Rd1 Qd4 31. Qg1 Qf4 32. Qf1 Qd4 33. h3 Qe3 34. Kh2 Kg7 35. Qd3 Qe5+ 36. Qg3 Qd4 37. Qc7 Bd5 38. Qd6 Qh4 39. Qg3 Qe4 40. Qd3 Qe5+ 41. Kg1 Qe1+ 42. Qf1 Qe3+ 43. Qf2 Qe5 44. Bxd5 Qxd5 45. Qxd2 Qc5+ 46. Qd4 1-0

[Event "EU-ch U12 30th"]
[Site "Antalya"]
[Date "2022.11.06"]
[Round "1"]
[White "Cankurt, Arda"]
[Black "Dotzer, Lukas"]
[Result "0-1"]
[WhiteElo "1687"]
[BlackElo "2256"]
[PlyCount "152"]
[EventDate "2022.11.06"]
[EventType "swiss"]
[EventRounds "9"]
[EventCountry "TUR"]
[SourceTitle "CBM 211 Extra"]
[Source "ChessBase"]
[SourceDate "2023.01.31"]
[SourceVersion "1"]
[SourceVersionDate "2023.01.31"]
[SourceQuality "1"]

1. Nf3 Nf6 2. g3 g6 3. Bg2 Bg7 4. 0-0 0-0 5. c4 d6 6. Nc3 Nc6 7. d4 a6 8. e4 b5 9. e5 Ne8 10. e6 f6 11. Nd2 Bb7 12. cxb5 axb5 13. Nxb5 d5 14. Re1 f5 15. Nb3 Ba6 16. Nc3 Bc4 17. Nd2 Nxd4 18. Nxc4 dxc4 19. Bd5 Nd6 20. Be3 c5 21. Ne2 Ne4 22. Bxd4 cxd4 23. Bxc4 Rb8 24. Rb1 Rb4 25. b3 Qa8 26. Nf4 Nc3 27. Qd2 Rb6 28. Ra1 Rd8 29. Nd3 Ne4 30. Qf4 Bf6 31. h4 Kg7 32. a4 h6 33. a5 Rbd6 34. a6 Rh8 35. Ra5 Ng5 36. Kf1 Nh3 37. Qd2 g5 38. h5 Qf3 39. a7 f4 40. gxf4 gxf4 41. Qd1 Qh1+ 42. Ke2 Qg2 43. Kd2 Bg5 44. Rf1 Ra8 45. Kc2 Kg8 46. Kb2 Kg7 47. Kc2 Kg8 48. Kb1 Kg7 49. f3 Kh7 50. Bd5 Rxd5 51. Rxd5 Rxa7 52. Nb2 Bf6 53. Qc2+ Qxc2+ 54. Kxc2 Ra2 55. Rb1 Ng5 56. b4 Ra3 57. Nd3 Rc3+ 58. Kd2 Nxf3+ 59. Ke2 Ng5 60. Nxf4 Re3+ 61. Kd1 Ne4 62. Kc2 Nc3 63. b5 Nxb1 64. Kxb1 Rf3 65. Ne2 Re3 66. Nf4 Rf3 67. Ng6 d3 68. Nf8+ Kg7 69. Nd7 Rf2 70. b6 Rb2+ 71. Kc1 Rb3 72. Kd2 Bg5+ 73. Ke1 Rb1+ 74. Kf2 d2 75. Rf5 Rf1+ 76. Ke2 d1Q# 0-1

[Event "TUR-chT 2nd League"]
[Site "Konya"]
[Date "2022.08.25"]
[Round "6.5"]
[White "Ilkimen, Mehmet Emre"]
[Black "Cankurt, Arda"]
[Result "1-0"]
[WhiteElo "1848"]
[BlackElo "1615"]
[PlyCount "63"]
[EventDate "2022.08.22"]
[EventType "team-swiss"]
[EventRounds "9"]
[EventCountry "TUR"]
[SourceTitle "CBM 210 Extra"]
[Source "ChessBase"]
[SourceDate "2022.11.30"]
[SourceVersion "1"]
[SourceVersionDate "2022.11.30"]
[SourceQuality "1"]
[WhiteTeam "Denizli Ihtisas"]
[BlackTeam "Bursa Nida"]
[WhiteTeamCountry "TUR"]
[BlackTeamCountry "TUR"]

1. d4 Nf6 2. c4 g6 3. Nf3 Bg7 4. g3 d6 5. Bg2 Nbd7 6. 0-0 0-0 7. Nc3 c6 8. e4 e5 9. h3 Re8 10. Be3 exd4 11. Nxd4 Nc5 12. f3 a5 13. Bf2 Qc7 14. Qc2 Nfd7 15. Rfd1 h5 16. f4 Nb6 17. b3 a4 18. Rab1 Na6 19. Ndb5 cxb5 20. Nxb5 Qd8 21. Nxd6 Re6 22. Nxf7 Qc7 23. Ng5 Re8 24. c5 Kh8 25. Rd6 Nd7 26. Ne6 Qb8 27. Nxg7 Kxg7 28. Bd4+ Kh7 29. Qc4 Re7 30. Rxg6 Kxg6 31. Qg8+ Kh6 32. f5 1-0

[Event "EU-ch Hybrid U10"]
[Site "Tornelo INT"]
[Date "2021.10.15"]
[Round "2"]
[White "Cankurt, Arda"]
[Black "Nalbandian, David"]
[Result "1-0"]
[WhiteElo "1356"]
[BlackElo "1058"]
[PlyCount "85"]
[EventDate "2021.10.15"]
[EventType "swiss"]
[EventRounds "9"]
[EventCountry "NET"]
[SourceTitle "EXT 2023"]
[Source "ChessBase"]
[SourceDate "2022.10.05"]
[SourceVersion "1"]
[SourceVersionDate "2022.10.05"]
[SourceQuality "1"]
[WhiteTeam "Turkey"]
[BlackTeam "Russia"]
[WhiteTeamCountry "TUR"]
[BlackTeamCountry "RUS"]

1. d4 d5 2. Nf3 Nf6 3. e3 Bg4 4. Be2 e6 5. 0-0 Bd6 6. b3 Nc6 7. Bb2 0-0 8. Ne5 Bxe2 9. Qxe2 Bxe5 10. dxe5 Ne4 11. Ba3 Re8 12. f3 Ng5 13. h4 Nxf3+ 14. Qxf3 Qd7 15. Qf4 d4 16. Rd1 Rad8 17. Nc3 a6 18. Bc5 b5 19. exd4 b4 20. Ne2 Qd5 21. Qf3 Nxd4 22. Bxd4 Qd7 23. Rd3 Qb5 24. Rf1 Rf8 25. Qf2 Qc6 26. Bc5 Rxd3 27. cxd3 Qe8 28. Bxf8 Qxf8 29. Nd4 Qe7 30. Nc6 Qd7 31. Qd4 Qxd4+ 32. Nxd4 c5 33. Rc1 g6 34. Rxc5 Kg7 35. Rc8 a5 36. g4 a4 37. bxa4 b3 38. axb3 Kh6 39. Rg8 f5 40. exf6 e5 41. Ne6 e4 42. dxe4 g5 43. hxg5# 1-0

[Event "EU-ch Hybrid U10"]
[Site "Tornelo INT"]
[Date "2021.10.15"]
[Round "4"]
[White "Cankurt, Arda"]
[Black "Radzimski, Antoni"]
[Result "1/2-1/2"]
[WhiteElo "1356"]
[BlackElo "1584"]
[PlyCount "97"]
[EventDate "2021.10.15"]
[EventType "swiss"]
[EventRounds "9"]
[EventCountry "NET"]
[SourceTitle "EXT 2023"]
[Source "ChessBase"]
[SourceDate "2022.10.05"]
[SourceVersion "1"]
[SourceVersionDate "2022.10.05"]
[SourceQuality "1"]
[WhiteTeam "Turkey"]
[BlackTeam "Poland"]
[WhiteTeamCountry "TUR"]
[BlackTeamCountry "POL"]

1. d4 d5 2. c4 e6 3. Nf3 c6 4. g3 dxc4 5. Bg2 b5 6. a4 a6 7. axb5 cxb5 8. Ne5 Ra7 9. Be3 Bb4+ 10. Nc3 Nf6 11. d5 Re7 12. dxe6 Qxd1+ 13. Rxd1 Bxe6 14. Nc6 Nxc6 15. Bxc6+ Bd7 16. Bg2 0-0 17. 0-0 Bc8 18. Bd4 Bxc3 19. Bxc3 Rxe2 20. Bb4 Rfe8 21. Bc6 Bd7 22. Bxd7 Nxd7 23. Rxd7 Rxb2 24. Ba5 Ra2 25. Re1 Rxe1+ 26. Bxe1 h6 27. Rd8+ Kh7 28. Kf1 a5 29. Rd2 Rxd2 30. Bxd2 b4 31. Ke2 c3 32. Be3 a4 33. Bc5 b3 34. Kd3 c2 35. Ba3 Kg6 36. Kc4 Kf5 37. f3 g5 38. h3 h5 39. Bc1 g4 40. fxg4+ hxg4 41. h4 Kg6 42. Kd5 Kh5 43. Ke5 f5 44. Kf4 Kg6 45. Bb2 Kh5 46. Kxf5 a3 47. Bxa3 b2 48. Bxb2 c1Q 49. Bxc1 1/2-1/2